000 00438 a2200157 4500
003 Nust
005 20170207153553.0
040 _cNust
082 _a005.1
100 _aMusa Kazmi, Syed Muhammad Ali MSCS-15
245 _aEstimating depthmap of a moving vehicle from a single image
_cSyed Muhammad Ali Musa Kazmi, MSCS-15
260 _bMCS
_cJune 2011
300 _aviii, 59 p
538 _aAlmirah No 69 Shelf No 6
650 _aMSCS Thesis
942 _cTHS
999 _c188963
_d188963